000 01529nam a2200409 i 4500
001 25849
003 KOSZ 005
005 20200729092936.0
008 200729s1973 pl a f 000 0 pol d
040 _aKOSZ 005
_cKOSZ 005/RW
046 _k1973
080 _a53.08
080 _a621.317
080 _a(075.8)
100 1 _aMarkowski, Edmund
_eAutor
245 1 0 _aMiernictwo elektryczne wielkości nieelektrycznych /
_cEdmund Markowski ; [recenzenci: doc. dr inż. Zygmunt Bendyk, doc. dr hab. inż. Alojzy Spichalski].
260 _aGdynia :
_bWyższa Szkoła Morska,
_c1973.
300 _a227 stron, [13] kart tablic :
_bilustracje ;
_c23 cm.
336 _aTekst
_btxt
_2rdacontent
337 _aBez urządzenia pośredniczącego
_bn
_2rdamedia
338 _aWolumin
_bnc
_2rdacarrier
380 _aKsiążki
380 _aPublikacje dydaktyczne
388 1 _a1901-2000
388 1 _a1945-1989
521 8 _aDla studentów o specjalności elektrotechnika, studiujących na V semestrze w wyższej Szkole Morskiej w Gdyni.
650 7 _aElektrotechnika
650 7 _aPomiary
655 7 _aPodręczniki akademickie
658 _aInżynieria i technika
658 _aFizyka i astronomia
700 1 _aBendyk, Zygmunt
_eRecenzja
700 1 _aSpichalski, Alojzy
_eRecenzja
710 2 _aWyższa Szkoła Morska (Gdynia)
_4pbl
856 _uhttp://koha.tu.koszalin.pl/cgi-bin/koha/opac-detail.pl?biblionumber=25849
_yKatalog online BPK
942 _2UKD
_cKS
999 _c25849
_d25849